000
00316nam a2200145Ia 4500
008
210210b xxu||||| |||| 00| 0 eng d
041
_a
eng
082
_a
822/213
100
_a
BUKE (Edmund)
245
_a
Speeches
260
_a
_b
Not Mentioned
_c
650
_a
Speeches
690
_a
English Prose
906
_a
012400
999
_c
131196
_d
131196